000
00286nam a22001217a 4500
020
_a
8183700047
082
_a
302.2
100
_a
K.B. Datta
245
_a
Mass Communication theory and practice
260
_a
New Delhi
_b
Akansha publishing house
_c
2005
300
_a
284p
942
_c
BK
999
_c
2703
_d
2703